LEADER 01030nam a2200241 4500 001 000000340585 003 CaOOAMICUS 005 20200615094302.0 008 200615s1774 it 000 u ita r 026 $an.s. m-c- s-ut e,re (C) 1774 (Q) 040 $aSeMil$bita 245 00$aDivota orazione al beato Gio: Angelo Porro dell'Ordine de' Servi di M. V. 264 1$aIn Milano :$bPer Pietro Antonio Frigerio,$c1774. 300 $a[2] c. ;$c8° 700 1 $aPorro, Giovannangelo .$0(OLS)http://semarc/name/111509 700 1 $aFrigerio, Pietro Antonio,$c.$0(OLS)http://semarc/name/25676 752 $aIT$dMilano 850 $aSeMil 852 $aSeMil$W1$xVenegono$y1$m3Z V 10/2 FA$j219486$B231660$CSeMilBibl$Z2$F231660 $8I 941 1 $a10 996 $6245$aDivota orazione al beato Gio: Angelo Porro dell'Ordine de' Servi di M. V.$9(OLS)http://semarc/title/429622 996 $6264$aIn Milano :$bPer Pietro Antonio Frigerio$9(OLS)http://semarc/publisher/55028 LEADER 00884nam a2200217 i 4500 001 000000049721 003 CaOOAMICUS 005 20230608135116.0 008 961217s1996 be u000 u eng u 020 $a2503505198 040 $aSeMil$bita 100 1 $aFedwick, Paul Jonathan.$0(OLS)http://semarc/name/407 245 10$a1: Manuscripts /$cby Paul Jonathan Fedwick. 300 $aLXIV, 818 p. ;$c26 cm 773 0 $aFedwick, Paul Jonathan$t2: The Homiliae morales, Hexaemeron, De litteris, with additional coverage of the Letters.$dTurnhout : Brepols, 1996.$g1$w()6685 850 $aSeMil 852 $aSeMil$W1$xVenegono$y1$mSL2.K II 72/1$j15876$B15876$CSeMilBibl$Z2$F15876 $8I 961 $aSottoscrizione: Brepols 996 $6020$a2503505198$9(OLS)http://semarc/number/23229 996 $6245$a1: Manuscripts$9(OLS)http://semarc/title/75739